• 首页
  • 本馆介绍
  • 公告通知
  • 最新文献
  • 馆藏检索
  • 电子资源
  • 读者导购
  • 参考咨询
  • 我的图书馆
  • 登录
  • 详细信息显示
  • 放入我的书架
  • 预约/预借图书
  • 作者相关作品
  • 分类相关作品
  • 丛书相关作品
  • 出版社相关作品

书目信息

  • 表格格式
  • 工作单格式
  • 卡片格式
题名:
中国新石器研究
    
 
作者: 佟柱臣 著
分册:  
出版信息: 成都   巴蜀书社  1998
页数: 57,1787页
开本: 27cm
丛书名: 中国传统文化研究丛书
单 册:
中图分类: K871.134
科图分类:
主题词: 新石器时代考古--研究--中国 , 新石器时代考古
电子资源:
ISBN: 7-80523-688-7
000 01006oam2 2200301 450
001 0198055511
005 20100325105220.54
010    @a7-80523-688-7@b精装@dCNY290.00,CNY580.00(上下册)
100    @a20041220d1998 em y0chiy0110 ea
101 0  @achi@deng
102    @aCN@b510000
105    @aaf z 001yy
106    @ar
200 1  @a中国新石器研究@9zhong guo xin shi qi yan jiu@h@f佟柱臣著
210    @a成都@c巴蜀书社@d1998
215    @a57,1787页@c图,照片@d27cm
225 2  @a中国传统文化研究丛书
308    @a丛书第一辑
320    @a有索引
330    @a本书内容包括:黄河流域中下游地区的新石器、长江流域中下游的新石器、东南沿海地区的新石器、台湾的新石器、西南地区的新石器等。
461  0 @12001 @a中国传统文化研究丛书
510 1  @aChinese Neolithic Stone Artifact Research@zeng
606 0  @a新石器时代考古@x研究@y中国
606 0  @a新石器时代考古
690    @aK871.134@v4
701  0 @a佟柱臣@9tong zhu chen@4著
801  0 @aCN@bNLC@c20100325
905    @b799296-97@dK871.134@e261:2@f2
    
    中国新石器研究/佟柱臣著.-成都:巴蜀书社,1998
    57,1787页:图,照片;27cm.-(中国传统文化研究丛书)
    
    
    ISBN 7-80523-688-7(精装):CNY290.00,CNY580.00(上下册)
    本书内容包括:黄河流域中下游地区的新石器、长江流域中下游的新石器、东南沿海地区的新石器、台湾的新石器、西南地区的新石器等。
●
相关链接 在E读中查询图书 在五车中查询图书 在当当中查询图书 在豆瓣中查询图书


正题名:中国新石器研究     索取号:K871.134/261:2         预约/预借

序号 登录号 条形码 馆藏地/架位号 状态 备注
1 799296   207992966   第二样本阅览室/ [索取号:K871.134/261:2] 在馆    
2 799297   207992975   第二借阅区/ [索取号:K871.134/261:2] 在馆    
唐山师范学院图书馆 欢迎您!
大连网信软件有限公司© 版权所有